Kuasa minda separuh sedar
| Main Author: | Mohd. Rozani Pawan Chek |
|---|---|
| Published: |
Batu Caves, Selangor:
PTS Professional Pub.,
2008.
|
| Edition: | Edisi jimat. |
| Subjects: |
| LEADER | 00541cam a2200169 7i4500 | ||
|---|---|---|---|
| 001 | 0000032405 | ||
| 005 | 20110804090000.0 | ||
| 020 | |a 9789833585137 (pbk.) | ||
| 090 | 0 | 0 | |a BF315 |b .M242 2008 |
| 100 | 0 | |a Mohd. Rozani Pawan Chek | |
| 245 | 1 | 0 | |a Kuasa minda separuh sedar |c Mohd. Rozani Pawan Chek. |
| 250 | |a Edisi jimat. | ||
| 260 | |a Batu Caves, Selangor: |b PTS Professional Pub., |c 2008. | ||
| 300 | |a 190 p.: |b ill.; |c 23 cm. | ||
| 650 | 0 | 0 | |a Mental discipline |
| 650 | 0 | 0 | |a Subconsciousness |
| 999 | |a 0000051392 |b BOK |c OPEN SHELF |e 1st Floor, Bestari Jaya | ||


